000 00943nam a22002297a 4500
999 _c1030
_d1030
003 AR-CdUCM
008 190226b ||||| |||| 00| 0 spa d
020 _a9972972011
040 _aMUNICIPALIDAD PROVINCIAL DEL CUSCO
_cBIBLIOTECA MUNICIPAL DEL CUSCO
082 _a323.4 /
_bC14
100 _aCaceres Valdivia, Eduardo
_94009
245 _aDe repente la misma cosa va a ser :
_bReflexiones en torno a identidades, derechos y bienestar en el Perú contemporáneo /
260 _aLima :
_b Aprodeh;
_c2003.
300 _a74 paginas ;
_c24 cm.
505 _aAproximación conceptual -- Una transición política multitudinaria -- Profundizando la mirada: Derechos en diversos contextos -- A modo de conclusión -- Referencia citadas ...
650 _aDerechos humano
_94010
650 _aDemocracia
_92598
650 _aParticipación ciudadana
_94011
650 _aPolítica social
_94012
942 _2ddc
_cLIBROS
945 _arum
_d2019-02-26